000 00672nam a2200229 a 4500
001 9555
003 BD-RjUL
005 20211208234810.0
008 161004s20092005ii ||||| |||| 00| 0 eng d
020 _a9788130900612
035 _a(BD-RjUL) 9600
040 _aBD-RjUL
_beng
_cBD-RjUL
_dBD-RjUL
041 _aeng
082 0 4 _a541
_bVIP 2009
_223
100 1 _aViswanathan, B
_929606
245 1 0 _aPractical physical chemistry /
_c B. Viswanathan and P. S. Raghavan
260 _aNew Delhi :
_bViva Books,
_c2005 [reprinted 2009]
300 2 _axii, 356 p. :
_bill. ;
_c23 cm.
650 0 _aPhysical chemistry
_929607
700 _aRaghavan, P. S.
_929608
942 _2ddc
_cBK
999 _c9555
_d9555